Návrh centrálneho vetrania administratívnej budovy
Gespeichert in:
| 1. Verfasser: | |
|---|---|
| Weitere Verfasser: | |
| Format: | Manuskript Buch |
| Sprache: | Slowakisch |
| Veröffentlicht: |
2017
|
| Schlagworte: | |
| Online-Zugang: | http://is.stuba.sk/zp/portal_zp.pl?podrobnosti=127910 https://opac.crzp.sk/?fn=detailBiblioForm&sid=CBCDB6E5622FB9C0D0504528BE80 |
| Tags: |
Keine Tags, Fügen Sie das erste Tag hinzu!
|
MARC
| LEADER | 00000ntm a22000003a 4500 | ||
|---|---|---|---|
| 001 | stuzp62788 | ||
| 003 | SK-STU | ||
| 005 | 20230809133033.8 | ||
| 007 | ta | ||
| 008 | 150427s2015----xo-----f-mn---000-0-slo-d | ||
| 040 | |a STU |b slo | ||
| 041 | 0 | |a slo | |
| 100 | 1 | |a Cesnek, Maroš |u 010290 |4 aut |U SvF Stavebná fakulta |T SvF Katedra technických zariadení budov |X 82245 |U V290 |Y 31 |7 82245 | |
| 242 | 0 | 1 | |a Design of a central ventilation system for adminstrative building |y eng |
| 245 | 1 | 0 | |a Návrh centrálneho vetrania administratívnej budovy |
| 260 | |c 2017 | ||
| 650 | 4 | |a vetrací systém |2 slo | |
| 650 | 4 | |a klimatizácia |2 slo | |
| 650 | 4 | |a administratívna budova |2 slo | |
| 650 | 4 | |a air-conditioner |2 eng | |
| 650 | 4 | |a thebuilding of administration |2 eng | |
| 650 | 4 | |a ventilationsystem |2 eng | |
| 700 | 1 | |a Füri, Belo |u 010290 |k Z1 |4 ths |U SvF Stavebná fakulta |T SvF Katedra technických zariadení budov |X 2442 |U V290 |Y 31 |7 A000002442 | |
| 856 | 4 | |u http://is.stuba.sk/zp/portal_zp.pl?podrobnosti=127910 | |
| 856 | 4 | |u https://opac.crzp.sk/?fn=detailBiblioForm&sid=CBCDB6E5622FB9C0D0504528BE80 | |